Trendy vo fúziách a akvizíciách na globálnom trhu roku 2010

Kríza a jej vplyv na celosvetové finančné inšitúcie a na globálny obchod. Globálne trendy vo fúziách a akvizíciách na svete v roku 2010.

Guardado en:
Detalles Bibliográficos
Autor principal: Thomas, Róbert
Formato: Capítulo de libro
Lenguaje:eslovaco
Materias:
Etiquetas: Agregar Etiqueta
Sin Etiquetas, Sea el primero en etiquetar este registro!

MARC

LEADER 00000nla$a2200000$$$4500
001 0130242
005 20240502072506.4
041 0 |a slo 
044 |a SK 
245 1 0 |a Trendy vo fúziách a akvizíciách na globálnom trhu roku 2010  |c Róbert Thomas 
520 |a Kríza a jej vplyv na celosvetové finančné inšitúcie a na globálny obchod. Globálne trendy vo fúziách a akvizíciách na svete v roku 2010. 
610 2 0 |a kríza hospodárska 
610 2 0 |a obchod medzinárodný 
610 2 0 |a fúzie 
610 2 0 |a akvizícia 
610 2 0 |a svet 
100 1 |a Thomas, Róbert